| 000 | 00956nam0a22002411 4500 | ||
|---|---|---|---|
| 001 | rc\710251 | ||
| 005 | 20260405205713.0 | ||
| 035 | _a(NLR Aleph) 005945356 | ||
| 090 |
_a6722678 _c6722678 |
||
| 100 | _a20031121d1985 |||y0rusy50 ca | ||
| 101 | 0 | _arus | |
| 102 | _aRU | ||
| 105 | _ay ||||||||| | ||
| 200 | 1 |
_aНовогодний подарок _eОдноакт. пьеса для дет. театр. коллективов худож. самодеятельности и театров кукол _fОтв. ред. С. Кузнецова |
|
| 210 |
_aМ. _cВААП-Информ _d1985 |
||
| 215 |
_a11 л. _d28 |
||
| 700 | 1 |
_aВиккерс _bР.Б. _f1931- _gРоберт Борисович |
|
| 701 | 1 |
_4070 _8rus _7ca _aКаневский _bА. С. _cписатель _f1933- _gАлександр Семенович _3RU\NLR\auth\7792934 _975860 |
|
| 801 | 0 |
_aRU _bNLR _gpsbo |
|
| 801 | 1 |
_aRU _bELAR _2rusmarc |
|
| 852 |
_aNLR _j87-8/698 |
||
| 942 | _cBOOK | ||
| 980 | _aNB | ||